| 000 -LEADER |
| fixed length control field |
01502 a2200241 4500 |
| 003 - CONTROL NUMBER IDENTIFIER |
| control field |
Nust |
| 005 - DATE AND TIME OF LATEST TRANSACTION |
| control field |
20221128142413.0 |
| 010 ## - LIBRARY OF CONGRESS CONTROL NUMBER |
| LC control number |
98024632 |
| 020 ## - INTERNATIONAL STANDARD BOOK NUMBER |
| International Standard Book Number |
0070246300 |
| 040 ## - CATALOGING SOURCE |
| Transcribing agency |
Nust |
| 082 00 - DEWEY DECIMAL CLASSIFICATION NUMBER |
| Classification number |
621.3815,GOO |
| 100 1# - MAIN ENTRY--PERSONAL NAME |
| Personal name |
Goodman, Robert L. |
| 9 (RLIN) |
103702 |
| 245 10 - TITLE STATEMENT |
| Title |
How electronic things work-- and what to do when they don't / |
| Statement of responsibility, etc. |
Robert Goodman. |
| 260 ## - PUBLICATION, DISTRIBUTION, ETC. |
| Place of publication, distribution, etc. |
New York : |
| Name of publisher, distributor, etc. |
McGraw-Hill, |
| Date of publication, distribution, etc. |
c1999. |
| 300 ## - PHYSICAL DESCRIPTION |
| Extent |
xxi, 393 p. : |
| Other physical details |
ill. ; |
| Dimensions |
24 cm. |
| 505 ## - FORMATTED CONTENTS NOTE |
| Formatted contents note |
Introduction to very Basic Electronics 101 (Page-1), Radio/Audio /Stereo /Speakers /Music Systems and Cassette Player Operations (Page-47), Audio /Video CD Players and Remote Control Operations (Page-83), How Color TVs and PC Monitors work (Page-115), VCRs Operation and Maintenance (Page-157), Direct Broadcast Satellite (DBS) System Operation (Page-191), How Video Cameras and Camcorders work (Page-219), Wired Telephones Cordless Phones Answering Machines (Page-245), Computer Operation Protection and Maintenance (Page-293), Printers ,Copiers and Fax Machine Operations (Page-331). |
| 650 #0 - SUBJECT ADDED ENTRY--TOPICAL TERM |
| Topical term or geographic name entry element |
Electronic apparatus and appliances |
| General subdivision |
Maintenance and repair. |
| 9 (RLIN) |
103703 |
| 650 #0 - SUBJECT ADDED ENTRY--TOPICAL TERM |
| Topical term or geographic name entry element |
Telecommunication engineering |
| 856 42 - ELECTRONIC LOCATION AND ACCESS |
| Materials specified |
Contributor biographical information |
| Uniform Resource Identifier |
<a href="http://www.loc.gov/catdir/enhancements/fy0602/98024632-b.html">http://www.loc.gov/catdir/enhancements/fy0602/98024632-b.html</a> |
| 856 42 - ELECTRONIC LOCATION AND ACCESS |
| Materials specified |
Publisher description |
| Uniform Resource Identifier |
<a href="http://www.loc.gov/catdir/description/mh023/98024632.html">http://www.loc.gov/catdir/description/mh023/98024632.html</a> |
| 856 42 - ELECTRONIC LOCATION AND ACCESS |
| Materials specified |
Table of contents only |
| Uniform Resource Identifier |
<a href="http://www.loc.gov/catdir/toc/mh022/98024632.html">http://www.loc.gov/catdir/toc/mh022/98024632.html</a> |
| 942 ## - ADDED ENTRY ELEMENTS (KOHA) |
| Source of classification or shelving scheme |
|
| Koha item type |
Book |